000
00289nam a22001097a 4500
082
_a
800/SRI
100
_a
Srivastav,Prem Kumari
_9
81431
245
_a
Tribal Litreature And Oral Expression In India
260
_a
New Delhi
_b
Sahitya Akedemi
_c
2021
650
_a
Litreature
_9
36251
942
_c
BK
999
_c
65429
_d
65429